000
00221nam a2200085Ia 4500
245
0
_a
Raven : blood eye
100
_a
KRISTIAN, Giles London, 2009
_9
81602
942
_c
BK
008
210817s9999 xx 000 0 und d
999
_c
291436
_d
291435